Memoriál Jozefa Kadleca

Bibliographic Details
Main Author: Siget, Andrej (Author)
Format: Article
Language:Slovak
PhysicalDescription:Fotogr.
ISSN:0231-8768
Subjects:

MARC

LEADER 00000nab a2200000 a 4500
001 vtls000716964
003 SK-MaSNL
005 20260304112934.0
008 250429c1999 xo 0 slo
015 |a SNBRB2000/03-09232 
035 |a CLN000069131 
035 |a urn:nbn:sk:snk-abeqo7 
035 |a (urnnbn)urn:nbn:sk:snk:ar-0070be 
035 |a (uuid)1ebc6202-4731-48a9-9722-2d9b2c6738ef 
040 |a SNKBUCL  |b slo  |c SNKBUCL  |e AACR2 
041 0 |a slo 
044 |a xo  |c SK 
080 |a 798.8:636.75  |2 1997 
080 |a 636.75  |2 1997 
080 |a 639.1  |2 1997 
100 1 |a Siget, Andrej  |4 aut  |9 1415510 
245 1 0 |a Memoriál Jozefa Kadleca  |c Andrej Siget 
300 |b Fotogr. 
611 1 7 |a Memoriál Jozefa Kadleca  |d 1999  |c Bernolákovo, Slovensko  |2 snkbucl  |9 1415511 
650 0 7 |a psy poľovné  |x súťaže  |2 snkbucl  |9 1415512 
655 7 |a články z novín a časopisov  |2 snkbucl  |9 267496 
773 0 |t Poľovníctvo a rybárstvo  |g Roč. 51, č. 11 (1999), s. 20  |x 0231-8768 
850 |a Slovenská národná knižnica 
852 |a Slovenská národná knižnica 
954 |a odborná, vedecká literatúra pôvodná (slovenská)  |2 lita 
958 |a article27 
958 |a OND 
958 |a EUIPO 
992 |a RBX 
999 |c 2867613  |d 2869543